zpět

Detail výsledku týmu

The Pub Praha 2 PO, Praha

Datum a čas kvízu

23.5 Celkem bodů Celkový počet nahraných bodů na tomto kvízu bez doplňovacích otázek.
11. Pořadí na kvízu Konečné umístění týmu na tomto kvízu.

Zaznamenané odpovědi

# Otázka Odpověď Body Výsledky
1. Co bylo minulý týden spuštěno... fontána 1
2. Nejstarší podzemní dráha na sv... po Alžbětě II. 0
3. Uveďte název komedie režiséra... Tři Tygři ve filmu: JACKPOT 0
4. Raketa Falcon 9 společnosti Sp... Hurvínek 1
5. Česká cyklistika si minulé úte... Jan Hirt 0
6. Téma námořních katastrof snad... v dubnu 1912 1
7. Potopení Titaniku není, co do... v Baltském moři 1
8. Nyní zavítáme do trochu vzdále... Vasa 1
9. Americká velrybářská loď Essex... Herman Melville, Bílá velryba (Moby-Dick) 1
10. Vyberte, které z následujících... A 1